|
|
|
|
| LEADER |
01155nam a2200277 a 4500 |
| 001 |
12083197 |
| 008 |
090917s2000 ii b 001 0 eng d |
| 010 |
|
|
|a 99949880
|
| 020 |
|
|
|a 8170742277
|
| 040 |
|
|
|a DLC
|c DLC
|
| 082 |
0 |
0 |
|a 364.6/0954
|2 21
|
| 100 |
1 |
|
|a Chattopadhyay, Basudeb.
|
| 245 |
1 |
0 |
|a Crime and control in early colonial Bengal, 1770-1860 /
|c Basudeb Chattopadhyay.
|
| 260 |
|
|
|a Calcutta :
|b K.P. Bagchi & Co.,
|c 2000.
|
| 300 |
|
|
|a xvii, 215 p. ;
|c 22 cm.
|
| 490 |
0 |
|
|a Monograph / Department of History, University of Calcutta ;
|v 21
|
| 504 |
|
|
|a Includes bibliographical references (p. [195]-207) and index.
|
| 541 |
1 |
|
|e 00019220
|
| 650 |
|
0 |
|a Crime
|z India
|z Bengal.
|
| 650 |
|
0 |
|a Crime prevention
|z India
|z Bengal.
|
| 650 |
|
0 |
|a Criminal justice, Administration of
|z India
|z Bengal.
|
| 651 |
|
0 |
|a India
|x History
|y British occupation, 1765-1947.
|
| 830 |
|
0 |
|a Monograph (University of Calcutta. Dept. of History) ;
|v 21.
|
| 852 |
4 |
|
|a Ayesha Abed Library
|j General Shelf.
|
| 999 |
|
|
|c 4199
|d 4199
|
| 952 |
|
|
|0 0
|1 0
|2 ddc
|4 0
|6 364_600000000000000_0954_CHA
|7 0
|9 3861
|a BDI
|b BDI
|c GEN
|d 2009-10-04
|l 0
|o 364.60954 CHA
|p 3010019220
|r 2009-10-04
|t 1
|w 2009-10-04
|y BK
|